[Event "Kerkinitida Cup Rapid"]
[Site "Evpatoria"]
[Date "2023.09.01"]
[Round "6"]
[White "Mukhtarova, Viktoriya"]
[Black "Khovalyg, Eduard"]
[Result "1-0"]
[WhiteElo "1978"]
[BlackElo "2085"]
[PlyCount "110"]
[EventDate "2023.08.31"]
[EventType "swiss (rapid)"]
[EventRounds "11"]
[EventCountry "UKR"]
[SourceTitle "EXT 2024"]
[Source "ChessBase"]
[SourceDate "2023.10.10"]
[SourceVersion "1"]
[SourceVersionDate "2023.10.10"]
[SourceQuality "1"]

1. Nf3 Nf6 2. g3 d5 3. Bg2 e6 4. 0-0 Be7 5. d3 0-0 6. Nbd2 c5 7. e4 Nc6 8. e5 Nd7 9. Re1 Rb8 10. Nf1 b5 11. Bf4 b4 12. c3 bxc3 13. bxc3 Ba6 14. Qd2 Qa5 15. a3 Rb3 16. Rec1 Rfb8 17. Rc2 Rb1 18. Rxb1 Rxb1 19. Bg5 Bf8 20. Qe2 Qa4 21. Bc1 Qb3 22. h4 Nd4 23. Nxd4 cxd4 24. Rb2 Rxb2 25. Qxb2 Qxb2 26. Bxb2 dxc3 27. Bxc3 Bxd3 28. a4 Bc5 29. Bb2 Bc2 30. a5 Bb4 31. Ne3 Bd3 32. Bd4 Bxa5 33. Bxa7 Nxe5 34. f4 Nc6 35. Bc5 Bb4 36. Bb6 Be1 37. Kh2 h5 38. f5 Ne5 39. Bd4 Nc4 40. fxe6 fxe6 41. Nd1 Kf7 42. Bf3 g6 43. Kg2 Nd6 44. Be5 Nf5 45. Nf2 Ne3+ 46. Kg1 Bf5 47. Bf4 Nc4 48. Kf1 Bc3 49. Ke2 Be5 50. Nd3 Bxf4 51. gxf4 Bxd3+ 52. Kxd3 Kf6 53. Kd4 Nd6 54. Bd1 Nf5+ 55. Kd3 Nxh4 1-0

[Event "Yalta Yialos blitz op"]
[Site "Yalta"]
[Date "2023.08.28"]
[Round "13"]
[White "Hasangatin, Ramil"]
[Black "Khovalyg, Eduard"]
[Result "1/2-1/2"]
[WhiteElo "2444"]
[BlackElo "2085"]
[PlyCount "154"]
[EventDate "2023.08.28"]
[EventType "swiss (blitz)"]
[EventRounds "13"]
[EventCountry "UKR"]
[SourceTitle "EXT 2024"]
[Source "ChessBase"]
[SourceDate "2023.10.10"]
[SourceVersion "1"]
[SourceVersionDate "2023.10.10"]
[SourceQuality "1"]

1. e4 e5 2. Nf3 Nc6 3. Bb5 a6 4. Ba4 Nf6 5. Bxc6 dxc6 6. d3 Bd6 7. Bg5 h6 8. Bh4 c5 9. Nbd2 Be6 10. Qe2 Qe7 11. Nc4 Bxc4 12. dxc4 0-0-0 13. Bxf6 Qxf6 14. 0-0-0 c6 15. Rd3 Qf4+ 16. Qe3 Qxe3+ 17. Rxe3 Bc7 18. Rd1 Rxd1+ 19. Kxd1 Kd7 20. a4 Ke6 21. Rb3 Rb8 22. Ke2 g6 23. Ne1 b5 24. axb5 axb5 25. cxb5 cxb5 26. Ra3 Rb6 27. b3 Bd6 28. Ra8 Rc6 29. c4 bxc4 30. bxc4 Rb6 31. Nd3 Kd7 32. Ra7+ Ke6 33. Ra5 Rc6 34. f3 h5 35. Kd2 Be7 36. Kc3 h4 37. h3 Bd6 38. Kc2 Kf6 39. Ra7 Ke6 40. Nc1 Rc8 41. Ra6 Rh8 42. Ne2 Rb8 43. Nc3 Ke7 44. Nb5 Rd8 45. Rc6 Ke6 46. Kc3 Ke7 47. Nxd6 Rxd6 48. Rxc5 Ke6 49. Rb5 Rd1 50. Rb2 f5 51. Rb6+ Kf7 52. c5 Rc1+ 53. Kb4 Rc2 54. c6 fxe4 55. fxe4 Ke7 56. c7 Rxc7 57. Rxg6 Rc2 58. Rg4 Kf6 59. Kb3 Rd2 60. Kc3 Rf2 61. Kd3 Ke6 62. Ke3 Ra2 63. Rg6+ Kf7 64. Rg5 Kf6 65. Rf5+ Ke6 66. Kf3 Ra3+ 67. Kf2 Ra4 68. Kf3 Ra3+ 69. Kg4 Rg3+ 70. Kxh4 Rxg2 71. Rg5 Re2 72. Rg4 Re3 73. Rg6+ Kf7 74. Kh5 Rxh3+ 75. Kg4 Re3 76. Ra6 Rxe4+ 77. Kf5 Ke8 1/2-1/2

[Event "Yalta Yialos blitz op"]
[Site "Yalta"]
[Date "2023.08.28"]
[Round "8"]
[White "Kryakvin, Andrey"]
[Black "Khovalyg, Eduard"]
[Result "0-1"]
[WhiteElo "1526"]
[BlackElo "2085"]
[PlyCount "51"]
[EventDate "2023.08.28"]
[EventType "swiss (blitz)"]
[EventRounds "13"]
[EventCountry "UKR"]
[SourceTitle "EXT 2024"]
[Source "ChessBase"]
[SourceDate "2023.10.10"]
[SourceVersion "1"]
[SourceVersionDate "2023.10.10"]
[SourceQuality "1"]

1. Nf3 Nf6 2. g3 d5 3. Bg2 Bg4 4. Ne5 Bf5 5. 0-0 Nbd7 6. d4 e6 7. c4 c6 8. Nc3 Bd6 9. Nxd7 Qxd7 10. f3 0-0 11. e4 dxe4 12. fxe4 Bg4 13. Qc2 Bb4 14. Be3 Bh5 15. a3 Ng4 16. Bf2 Be7 17. h3 Nxf2 18. Qxf2 Rad8 19. g4 Bg6 20. Rad1 Qc7 21. d5 cxd5 22. Nb5 Qxc4 23. Nd4 dxe4 24. Rd2 Bg5 25. Rdd1 e3 26. Qe2 0-1

[Event "Moscow op-B 04th"]
[Site "Moscow"]
[Date "2008.02.04"]
[Round "3"]
[White "Koroshchenko, Sergey"]
[Black "Khovalyg, Eduard"]
[Result "1-0"]
[WhiteElo "2293"]
[BlackElo "2208"]
[PlyCount "91"]
[EventDate "2008.02.02"]
[EventType "swiss"]
[EventRounds "9"]
[EventCountry "RUS"]
[SourceTitle "CBM 122 Extra"]
[Source "ChessBase"]
[SourceDate "2008.03.04"]
[SourceVersion "1"]
[SourceVersionDate "2008.03.04"]
[SourceQuality "1"]

1. d4 Nf6 2. Nf3 g6 3. Bf4 Bg7 4. h3 c5 5. c3 b6 6. e3 0-0 7. Nbd2 Bb7 8. Bd3 d6 9. 0-0 Nbd7 10. Qe2 Nd5 11. Bh2 cxd4 12. cxd4 Nb4 13. Bc4 d5 14. Bb5 a6 15. Ba4 b5 16. Bb3 Nb6 17. a3 Nc6 18. Bc2 Qd7 19. Nb3 Na4 20. Bd3 Rfc8 21. Rfd1 Nd8 22. Qd2 f6 23. Na5 Nf7 24. Rac1 Nd6 25. Bxd6 exd6 26. b3 Nb6 27. a4 Nc4 28. bxc4 dxc4 29. Nxb7 Qxb7 30. Bf1 d5 31. Qa5 Kh8 32. Rb1 Rcb8 33. Be2 b4 34. Rdc1 Bf8 35. Nd2 Qc6 36. Bf3 Rb5 37. axb5 axb5 38. Bxd5 Qxd5 39. Qb6 Ra2 40. Qxf6+ Bg7 41. Qf3 Qg8 42. Ne4 b3 43. Nc3 Ra5 44. Qb7 Qf8 45. Nxb5 Qb4 46. Qc8+ 1-0

[Event "Moscow op-B 04th"]
[Site "Moscow"]
[Date "2008.02.03"]
[Round "2"]
[White "Khovalyg, Eduard"]
[Black "Grabovets, Nadezhda"]
[Result "1-0"]
[WhiteElo "2208"]
[BlackElo "1973"]
[PlyCount "49"]
[EventDate "2008.02.02"]
[EventType "swiss"]
[EventRounds "9"]
[EventCountry "RUS"]
[SourceTitle "CBM 122 Extra"]
[Source "ChessBase"]
[SourceDate "2008.03.04"]
[SourceVersion "1"]
[SourceVersionDate "2008.03.04"]
[SourceQuality "1"]

1. d4 d5 2. c4 c6 3. Nf3 Nf6 4. e3 a6 5. Nc3 Bg4 6. Qb3 b5 7. cxd5 cxd5 8. a4 bxa4 9. Rxa4 Bd7 10. Ra1 e6 11. Ne5 Qc8 12. Bd2 Be7 13. Bd3 0-0 14. 0-0 Ne8 15. Rfc1 Nc7 16. Qc2 g6 17. Na4 Bxa4 18. Rxa4 Bd6 19. e4 f6 20. Ng4 Qb7 21. e5 fxe5 22. dxe5 Bxe5 23. Nxe5 Ne8 24. Bh6 Ng7 25. Qc7 1-0

[Event "Moscow op-B 04th"]
[Site "Moscow"]
[Date "2008.02.02"]
[Round "1"]
[White "Smolsky, Yury"]
[Black "Khovalyg, Eduard"]
[Result "0-1"]
[WhiteElo "1943"]
[BlackElo "2208"]
[PlyCount "76"]
[EventDate "2008.02.02"]
[EventType "swiss"]
[EventRounds "9"]
[EventCountry "RUS"]
[SourceTitle "CBM 122 Extra"]
[Source "ChessBase"]
[SourceDate "2008.03.04"]
[SourceVersion "1"]
[SourceVersionDate "2008.03.04"]
[SourceQuality "1"]

1. d4 Nf6 2. Nf3 g6 3. c4 Bg7 4. Nc3 0-0 5. g3 d6 6. Bg2 Nbd7 7. 0-0 e5 8. e4 c6 9. d5 cxd5 10. cxd5 Nc5 11. Bg5 h6 12. Bxf6 Bxf6 13. b4 Nd7 14. a4 Bg7 15. Rc1 a6 16. Qe2 f5 17. Nh4 Qg5 18. Nf3 Qf6 19. Rc2 a5 20. Rb1 axb4 21. Rxb4 Nc5 22. Ne1 f4 23. f3 h5 24. Nd3 Nxd3 25. Qxd3 g5 26. Rf2 g4 27. Ne2 Qg5 28. Qd2 Bh6 29. gxf4 Qh4 30. Qe1 Rxf4 31. Ng3 Qg5 32. fxg4 Rxf2 33. Qxf2 Qc1+ 34. Qf1 Qc5+ 35. Kh1 Qxb4 36. Nxh5 Qd2 37. Nf6+ Kh8 38. Ne8 Qc1 0-1

[Event "Kyzyl op"]
[Site "Kyzyl"]
[Date "2007.01.24"]
[Round "9"]
[White "Khovalyg, Eduard"]
[Black "Chepsarakov, Akimzhan"]
[Result "1-0"]
[WhiteElo "2191"]
[BlackElo "2114"]
[PlyCount "61"]
[EventDate "2007.01.20"]
[EventType "swiss"]
[EventRounds "9"]
[EventCountry "RUS"]
[SourceTitle "EXT 2010"]
[Source "ChessBase"]
[SourceDate "2010.11.25"]
[SourceVersion "1"]
[SourceVersionDate "2010.11.25"]
[SourceQuality "1"]

1. d4 Nf6 2. c4 e6 3. Nf3 Bb4+ 4. Bd2 Bxd2+ 5. Qxd2 Ne4 6. Qc2 d5 7. Nc3 f5 8. e3 Nc6 9. a3 0-0 10. cxd5 exd5 11. Nxd5 Kh8 12. Bc4 Nd6 13. Bd3 Be6 14. Nf4 Bg8 15. h4 Qe7 16. h5 Rf6 17. Ng6+ Rxg6 18. hxg6 f4 19. e4 Re8 20. 0-0-0 Na5 21. e5 Nc8 22. Rxh7+ Bxh7 23. Rh1 Qd7 24. Kb1 Qc6 25. Qxc6 bxc6 26. b4 Ne7 27. bxa5 Rd8 28. Rxh7+ Kg8 29. Bc4+ Nd5 30. Ng5 Rb8+ 31. Kc2 1-0